Debussy
Saved in:
| Hovedforfatter: | |
|---|---|
| Format: | Bog |
| Sprog: | fransk |
| Udgivet: |
París
Hachette
1970
|
| Serier: | Classiques Hachette de la Musique
|
| Fag: | |
| Tags: |
Tilføj Tag
Ingen Tags, Vær først til at tagge denne postø!
|
MARC
| LEADER | 00000nam a2200000 a 4500 | ||
|---|---|---|---|
| 001 | UCN1269 | ||
| 003 | CL-VaPUC | ||
| 008 | 010420e19700000FR |||||||||||||||||fre|d | ||
| 082 | 0 | 4 | |a 780.92 |b GOU |2 21 |
| 100 | |a Gourdet, Georges |e author |9 456796 | ||
| 245 | 1 | 0 | |a Debussy |
| 300 | |a 95 p | ||
| 942 | |c BK | ||
| 945 | |d 20010420 00:00:00 |a crobeson | ||
| 260 | |a París |b Hachette |c 1970 | ||
| 600 | 0 | |a Debussy, Claude |9 267200 | |
| 650 | 0 | |a Compositores franceses |9 328980 | |
| 583 | |a last modification |c 20010420 00:00:00 |k Rodrigo Vera | ||
| 490 | 0 | |a Classiques Hachette de la Musique | |
| 999 | |c 294844 |d 294842 | ||
| 952 | |0 0 |1 0 |4 0 |6 780_920000000000000_GOU_1970 |7 0 |8 A |9 347584 |a BIBEDU |b BIBEDU |d 2019-11-20 |i 1180061 |o 780.92 GOU 1970 |p 1180061 |r 2023-03-07 |w 2019-11-20 |y BK |k MUS | ||